OECD o slovenskom školstve: Máte dobrý zákon o odbornom vzdelávaní, ale priveľa malých škôl

Bibliographic Details
Format: Article
Language:Slovak
PhysicalDescription:Fotogr.
ISSN:1336-7161
Subjects:

MARC

LEADER 00000nab a2200000 ar4500
001 vtls011548989
003 SK-MaSNL
005 20260426072336.0
008 160429c2016 xo mr|p|||n |000 b|slo
015 |a SNBRB2016/04 
038 |a SPK 
040 |a SPKCL  |b slo  |c AACR2  |e AACR2 
041 0 |a slo 
044 |a xo  |c SK 
072 7 |a 37.014  |x Vzdelávacia a výchovná politika  |2 konspekt 
072 7 |a 371  |x Školstvo (organizácia)  |2 konspekt 
072 7 |a 303  |x Metódy spoločenských vied  |2 konspekt 
080 |a 37.014  |x (437.6)  |2 2011 
080 |a 371:303.094.5  |2 2001 
245 0 0 |a OECD o slovenskom školstve: Máte dobrý zákon o odbornom vzdelávaní, ale priveľa malých škôl 
300 |b Fotogr. 
504 |a Bibliogr. odkazy 
610 2 7 |a Organizácia pre hospodársku spoluprácu a rozvoj  |2 snkbucl  |9 34678 
650 0 7 |a školstvo  |2 snkbucl  |9 19712 
650 0 7 |a školská politika  |2 snkbucl  |9 3200 
650 0 7 |a hodnotenie vzdelávacieho systému  |2 snkbucl  |9 71750 
650 0 7 |a správy  |2 snkbucl  |9 276219 
651 7 |a Slovensko  |2 snkbucl  |9 14231 
773 0 |t Pán učiteľ  |g Roč. 7, č. 2 (2016), s. 8  |x 1336-7161 
852 |a SPK  |b KIS3GCP 
958 |a NB  |2 snkbucl 
999 |c 2687614  |d 2689544